000 00708nam a2200253Ia 4500
003 OSt
005 20220916110947.0
006 a|||||r|||| 00| 0
007 ta
008 220915b |||||||| |||| 00| 0 eng d
024 _a33892
037 _cTextbook
040 _beng
_aARTS
_cARTS
041 _aeng
082 _aO111,3M12, D, M2-;1
100 _aDickens Charles
245 0 _aDombey and son ed. by Alan Horsman
260 _aOxford
_bOxford University Press UK
300 _axxv,756p.
_ccm.
650 _aENGLISH LITERATURE
700 _a Horsman Alan Ed.
942 _hO111,3M12, D, M2-;1
_cTB
_2CC
999 _c102304
_d102304